Tensones : (Record no. 24614)

MARC details
000 -LEADER
campo de control de longitud fija 00614nam a2200169 i 4500
001 - NÚMERO DE CONTROL
campo de control 24614
003 - IDENTIFICADOR DE NÚMERO DE CONTROL
campo de control ES-MaACL
005 - FECHA Y HORA DE LA ÚLTIMA TRANSACCIÓN
campo de control 20230906153100.0
007 - CAMPO FIJO DE DESCRIPCIÓN FÍSICA--INFORMACIÓN GENERAL
campo de control de longitud fija t|
008 - DATOS DE LONGITUD FIJA--INFORMACIÓN GENERAL
campo de control de longitud fija 021218s1940 sp ||||1| spa d
100 1# - ENTRADA PRINCIPAL--NOMBRE DE PERSONA
Nombre de persona Antón del Olmet, Fernando de,
Títulos y otros términos asociados al nombre Marqués de Dosfuentes,
Fechas asociadas al nombre n. 1872
9 (RLIN) 21946
245 10 - MENCIÓN DEL TÍTULO
Título Tensones :
Resto del título epigramas y epigramios ; ironías y sarcasmos ; musa clásica (1936-1939) /
Mención de responsabilidad, etc. Fernando de Antón del Olmet, marqués de Dosfuentes.
260 ## - PUBLICACIÓN, DISTRIBUCIÓN, ETC.
Lugar de publicación, distribución, etc. Madrid :
Nombre del editor, distribuidor, etc. [s.n.,
Fecha de publicación, distribución, etc. 1940] (
Fabricante Augusto Boné Alarcón)
300 ## - DESCRIPCIÓN FÍSICA
Extensión 28 p. ;
Dimensiones 22 cm.
852 ## - LOCALIZACIÓN
Ubicación ES-MaACL
Número de control de estantería 1808-F-11
Holdings
Estatus retirado Estado de pérdida Estado de daño No para préstamo Colección Biblioteca de origen Biblioteca actual Ubicación en estantería Fecha de adquisición Fuente de adquisición Total de préstamos Signatura topográfica completa Código de barras Visto por última vez Precio de reemplazo Tipo de ítem Koha
        Colección de folletos Biblioteca del Ateneo de Madrid Biblioteca del Ateneo de Madrid Depósito folletos 17/01/2008     1808-F-11 1025377 23/02/2023 23/02/2023 Folleto